00293nam a22001097a 4500020002200000082001400022100001800036245005200054260004600106300000800152650002300160 a978-93-5029-230-3 a297.1 HUS aHusain, Irfan afatal Faultlines: Pakistan, Islam and the West aNoida, UPbHarperCollins Publishersc2012 a238 aIslam-20th Century